000 00275 a2200097 4500
082 _a954.91 SAF
100 _aMahmood, Dr. Safdar
245 _aInternational Affairs
_cDr. Safdar Mahmood
260 _aPakistan :
_bJang Publishers,
_c2006
300 _a719p. :
_bill. ;
_c25 cm
650 _aInternational Affairs
999 _c1872
_d1872